[Event "HZ Chess Tournament 2023"]
[Site "Vlissingen, Netherlands"]
[Date "2023.08.06"]
[Round "2.39"]
[White "Hekhuis, Jeroen"]
[Black "Nellen, Marcel"]
[Result "1-0"]
[WhiteElo "2123"]
[BlackElo "1809"]
[PlyCount "53"]

1. d4 Nf6 2. g3 d5 3. Bg2 e6 4. Nf3 Bd6 5. O-O O-O 6. c4 c6 7. b3 b6 8. Bb2 Ba6
9. Ne5 Qc7 10. Nd2 Nbd7 11. f4 Rac8 12. Rc1 Qb8 13. Nxd7 Nxd7 14. e4 Rfd8 15.
e5 Be7 16. f5 Bg5 17. Rc3 dxc4 18. Ne4 Be7 19. Qg4 exf5 20. Qxf5 Bb4 21. Ng5
Nf8 22. Qxf7+ Kh8 23. Qh5 h6 24. Be4 Rxd4 25. Rxf8+ Rxf8 26. Qg6 Rd1+ 27. Kg2
1-0

[Event "HZ Chess Tournament 2023"]
[Site "Vlissingen, Netherlands"]
[Date "2023.08.06"]
[Round "2.40"]
[White "Finkenflugel, Renzo"]
[Black "Rebreyend, Christophe"]
[Result "1-0"]
[WhiteElo "2113"]
[BlackElo "1660"]
[PlyCount "93"]

1. e4 c5 2. b4 cxb4 3. a3 bxa3 4. d4 d6 5. Nxa3 Nf6 6. Bd3 g6 7. f4 Bg7 8. Nf3
Bg4 9. O-O O-O 10. h3 Bxf3 11. Qxf3 e6 12. c3 a6 13. g4 Qc7 14. Bd2 Nbd7 15. g5
Nh5 16. f5 d5 17. f6 Nhxf6 18. gxf6 Nxf6 19. e5 Nd7 20. c4 f6 21. Bb4 fxe5 22.
Bxf8 Rxf8 23. Qg3 Rxf1+ 24. Rxf1 Qb6 25. Qf2 Qd6 26. Qf7+ Kh8 27. Qe8+ Bf8 28.
c5 Qe7 29. Qxe7 Bxe7 30. Rf7 Nxc5 31. Rxe7 Nxd3 32. dxe5 Nxe5 33. Rxe6 Nf3+ 34.
Kg2 Nh4+ 35. Kg3 Nf5+ 36. Kf4 Kg7 37. Rb6 h6 38. Rxb7+ Kf6 39. Rb6+ Kf7 40.
Rxa6 Ne7 41. Nb5 Kg7 42. Nd4 Kf7 43. Ke5 h5 44. Ne6 Nf5 45. Ng5+ Kg7 46. Ra7+
Kg8 47. Kf6 1-0

[Event "HZ Chess Tournament 2023"]
[Site "Vlissingen, Netherlands"]
[Date "2023.08.06"]
[Round "2.41"]
[White "Kaufmann, Thomas"]
[Black "Gijsen, William"]
[Result "0-1"]
[WhiteElo "1862"]
[BlackElo "2111"]
[PlyCount "74"]

1. e4 c5 2. Nc3 e6 3. Nge2 Nc6 4. g3 Nf6 5. Bg2 Be7 6. O-O O-O 7. d4 cxd4 8.
Nxd4 d6 9. Be3 Bd7 10. Re1 Ne5 11. Nce2 Neg4 12. Bd2 Qb6 13. h3 Ne5 14. b3 d5
15. exd5 exd5 16. Bg5 Nc6 17. Nxc6 bxc6 18. c4 Rad8 19. cxd5 cxd5 20. Nd4 Bc5
21. Be3 Rfe8 22. Rc1 Ne4 23. Bxe4 dxe4 24. Rxc5 Qxc5 25. Ne6 Qa5 26. Nxd8 Rxd8
27. Qb1 Bxh3 28. b4 Qf5 29. Bxa7 Re8 30. Qb3 Bg4 31. Qa4 Rc8 32. f4 Bf3 33. Kf2
Qh3 34. Bc5 Qg2+ 35. Ke3 Qxg3 36. Kd2 Rd8+ 37. Bd4 Qf2+ 0-1

[Event "HZ Chess Tournament 2023"]
[Site "Vlissingen, Netherlands"]
[Date "2023.08.06"]
[Round "2.42"]
[White "Kempfer, Justus"]
[Black "Wagenvoorde, Guido"]
[Result "0-1"]
[WhiteElo "1711"]
[BlackElo "2104"]
[PlyCount "68"]

1. e4 c5 2. c3 Qa5 3. a3 Nc6 4. Nf3 Nf6 5. e5 Ng4 6. d4 cxd4 7. b4 Qc7 8. cxd4
d6 9. h3 Nh6 10. b5 Na5 11. Bf4 d5 12. Ra2 Bf5 13. Nbd2 Rc8 14. Be2 e6 15. O-O
Be7 16. Nb3 Nc4 17. Qc1 Qd7 18. Bxh6 gxh6 19. Qxh6 Qxb5 20. Nbd2 Rg8 21. Rc1
Qa4 22. Bd1 Qd7 23. a4 Rg6 24. Qh5 b6 25. Nh4 Rg5 26. Qh6 Nxd2 27. Rxc8+ Qxc8
28. Nxf5 Qc1 29. Ne3 Nf3+ 30. Kf1 Nxd4 31. Qxh7 Nf5 32. Ke1 Bb4+ 33. Ke2 Nxe3
34. Qh8+ Bf8 0-1

[Event "HZ Chess Tournament 2023"]
[Site "Vlissingen, Netherlands"]
[Date "2023.08.06"]
[Round "2.45"]
[White "Roels, Arne"]
[Black "De Jong, Migchiel"]
[Result "0-1"]
[WhiteElo "1674"]
[BlackElo "2313"]
[PlyCount "80"]

1. e4 c5 2. b3 Nf6 3. e5 Nd5 4. Bb2 Nc6 5. Nc3 Nc7 6. f4 d6 7. Nf3 Bg4 8. Be2
e6 9. O-O d5 10. Ng5 Bxe2 11. Qxe2 Nd4 12. Qd3 g6 13. Ne2 Nc6 14. Ng3 Be7 15.
Rad1 h6 16. Nh3 Rg8 17. Nf2 h5 18. c4 h4 19. Ne2 Qd7 20. cxd5 Nxd5 21. Ne4
O-O-O 22. N2c3 Ndb4 23. Qc4 Qd4+ 24. Qxd4 Rxd4 25. a3 Nd3 26. Rb1 Rgd8 27. Ng5
Bxg5 28. fxg5 Nxb2 29. Rxb2 Nxe5 30. Nb5 Rxd2 31. Rxd2 Rxd2 32. Nxa7+ Kd7 33.
Rb1 h3 34. gxh3 Nf3+ 35. Kf1 Nxh2+ 36. Ke1 Nf3+ 37. Kf1 e5 38. h4 e4 39. Nb5 e3
40. Nc3 Rf2# 0-1

[Event "HZ Chess Tournament 2023"]
[Site "Vlissingen, Netherlands"]
[Date "2023.08.06"]
[Round "2.46"]
[White "Tiggelman, Rene"]
[Black "Den Heijer, Rolinde"]
[Result "1-0"]
[WhiteElo "2201"]
[BlackElo "1769"]
[PlyCount "131"]

1. d4 d5 2. Nf3 Nf6 3. c4 e6 4. g3 c5 5. cxd5 exd5 6. Bg2 Nc6 7. O-O Be7 8. Nc3
O-O 9. dxc5 Bxc5 10. Bg5 d4 11. Bxf6 Qxf6 12. Nd5 Qd8 13. Nd2 Be6 14. Nf4 Bf5
15. Ne4 Bb6 16. Rc1 Re8 17. Nc5 Rb8 18. Nxb7 Rxb7 19. Bxc6 Rbe7 20. Bxe8 Rxe8
21. b4 g5 22. Nd3 Bh3 23. Re1 Qd5 24. f3 h5 25. Qb3 Qd6 26. Rc5 Bxc5 27. bxc5
Qe7 28. Nf2 Be6 29. Qc2 Bd5 30. Qd2 Bxf3 31. Qxd4 Rd8 32. Qc3 Ba8 33. e4 Rc8
34. Rc1 Rc6 35. Qd4 Re6 36. Rb1 Qe8 37. Rb4 f6 38. Qb2 Qc6 39. Rb8+ Kg7 40. Qd4
Re8 41. Rxe8 Qxe8 42. Kg2 Kf7 43. Kf3 Qe6 44. Ke3 Bc6 45. a3 Qb3+ 46. Qd3 Qe6
47. Qa6 f5 48. Qxa7+ Kg6 49. Qb8 Bxe4 50. Qd6 Qxd6 51. cxd6 Bc6 52. Nd3 Kf6 53.
Nc5 Kf7 54. a4 h4 55. gxh4 f4+ 56. Kf2 gxh4 57. a5 Ba8 58. a6 Bc6 59. a7 Ba8
60. Na4 Bc6 61. Nb6 Ke6 62. a8=Q Bxa8 63. Nxa8 Kxd6 64. Nb6 Ke5 65. Kf3 h3 66.
Nc4+ 1-0

[Event "HZ Chess Tournament 2023"]
[Site "Vlissingen, Netherlands"]
[Date "2023.08.06"]
[Round "2.47"]
[White "De Jong, Quint"]
[Black "Baarslag, Ed"]
[Result "1-0"]
[WhiteElo "1509"]
[BlackElo "2086"]
[PlyCount "79"]

1. d4 Nf6 2. c4 e6 3. Nc3 Bb4 4. Bg5 c5 5. dxc5 Nc6 6. e4 h6 7. Bxf6 Qxf6 8.
Nge2 O-O 9. a3 Bxc5 10. f4 d6 11. Qd2 a6 12. h4 Rb8 13. g4 Qe7 14. g5 h5 15.
Ng3 Nd4 16. Qd1 b5 17. Nxh5 bxc4 18. Qg4 f5 19. gxf6 Rxf6 20. Nxf6+ Qxf6 21.
Rh2 Nb3 22. Rd1 Bxa3 23. e5 dxe5 24. bxa3 Bb7 25. Bxc4 Nd4 26. Rxd4 exd4 27.
Qxe6+ Kh8 28. Qxf6 gxf6 29. Ne2 Re8 30. Kd2 Re3 31. Bd3 Rf3 32. f5 Rf1 33. Nxd4
Ra1 34. Nc2 Rg1 35. Kc3 Kh7 36. Nb4 Rg3 37. Kd4 a5 38. Nc2 Kh6 39. Ne3 Rg1 40.
Nc4 1-0

[Event "HZ Chess Tournament 2023"]
[Site "Vlissingen, Netherlands"]
[Date "2023.08.06"]
[Round "2.48"]
[White "Bakker, Jouke"]
[Black "De Feijter, Niels"]
[Result "1-0"]
[WhiteElo "2051"]
[BlackElo "1752"]
[PlyCount "73"]

1. d4 c6 2. c4 d5 3. Nf3 Nf6 4. g3 dxc4 5. Bg2 Bf5 6. O-O e6 7. Nbd2 Be7 8.
Nxc4 Nbd7 9. Qb3 Nb6 10. Na5 Qc8 11. Ne5 Be4 12. f3 Bg6 13. Be3 O-O 14. Rac1
Bd6 15. Nxg6 hxg6 16. Bf2 Rb8 17. e4 Bc7 18. Nc4 Qd8 19. Ne5 Nfd7 20. Rfd1 Qe7
21. f4 Nf6 22. a4 Nc8 23. Qc3 Nd6 24. Re1 Bb6 25. a5 Nb5 26. Qd2 Bc7 27. a6
Bxe5 28. dxe5 Nd7 29. axb7 Rfd8 30. Qa5 Rxb7 31. Rxc6 Nb8 32. Rc4 Qd7 33. Rec1
Kh7 34. Bf1 Qe7 35. Rb4 Qd7 36. Rxb5 Rxb5 37. Qxb5 1-0

[Event "HZ Chess Tournament 2023"]
[Site "Vlissingen, Netherlands"]
[Date "2023.08.06"]
[Round "2.49"]
[White "De Witte, Sjoerd"]
[Black "Klein, Jorik"]
[Result "1/2-1/2"]
[WhiteElo "1400"]
[BlackElo "1927"]
[PlyCount "89"]

1. d4 Nf6 2. c4 g6 3. Nc3 Bg7 4. e4 d6 5. h3 O-O 6. Be3 c5 7. d5 a6 8. a4 Qa5
9. Bd3 Nfd7 10. Nge2 Ne5 11. O-O e6 12. f4 Nxd3 13. Qxd3 f5 14. dxe6 Bxe6 15.
Qxd6 Bxc4 16. e5 Rd8 17. Qxc5 Qxc5 18. Bxc5 Nc6 19. Rad1 Rac8 20. Bb6 Re8 21.
Rd7 Re7 22. Rfd1 g5 23. g3 h5 24. h4 gxf4 25. gxf4 Bf8 26. Ng3 Be6 27. Rxe7
Bxe7 28. Nxh5 Bxh4 29. Nd5 Kf7 30. Nhf6 Ne7 31. Nxe7 Kxe7 32. Nd5+ Kf7 33. b4
Bg3 34. Kg2 Bxd5+ 35. Kxg3 Ke6 36. Bc5 Rg8+ 37. Kf2 Rg2+ 38. Ke3 Rg3+ 39. Kd2
Rf3 40. Be3 Bb3 41. Ra1 Kd5 42. Ra3 Bc4 43. Rc3 b5 44. axb5 axb5 45. Ra3
1/2-1/2

[Event "HZ Chess Tournament 2023"]
[Site "Vlissingen, Netherlands"]
[Date "2023.08.06"]
[Round "3.1"]
[White "Van Wely, Loek"]
[Black "Voege, Tobias"]
[Result "0-1"]
[WhiteElo "2644"]
[BlackElo "2257"]
[PlyCount "88"]

1. d4 e6 2. Nf3 Nf6 3. c4 b6 4. a3 Bb7 5. Nc3 Ne4 6. Nxe4 Bxe4 7. Bf4 Be7 8. e3
O-O 9. Bd3 f5 10. Bxe4 fxe4 11. Nd2 d5 12. cxd5 exd5 13. Qb3 Rf7 14. Rc1 c5 15.
dxc5 Na6 16. cxb6 axb6 17. O-O Nc5 18. Qb5 Ra5 19. Qc6 Rf6 20. Qc7 Qxc7 21.
Bxc7 Nd3 22. Rb1 Rc6 23. Bg3 Rc2 24. Nb3 Ra8 25. Nd4 Rxb2 26. Bc7 Bc5 27. Nb5
Rxf2 28. Rxf2 Bxe3 29. Bg3 Rf8 30. Rbf1 Bc5 31. Nc7 Nxf2 32. Rxf2 Rf7 33. Na6
Bxf2+ 34. Bxf2 Ra7 35. Nb4 Rxa3 36. Bxb6 Rb3 37. Bc5 d4 38. Kf2 Rb2+ 39. Ke1 d3
40. h4 Rxg2 41. Nd5 Rh2 42. Nc3 Rc2 43. Bb4 e3 44. Nd1 Rh2 0-1

[Event "HZ Chess Tournament 2023"]
[Site "Vlissingen, Netherlands"]
[Date "2023.08.06"]
[Round "3.2"]
[White "Syrov, Arkadi"]
[Black "Ter-Sahakyan, Samvel"]
[Result "0-1"]
[WhiteElo "2269"]
[BlackElo "2604"]
[PlyCount "78"]

1. e4 c5 2. Nf3 Nc6 3. d4 cxd4 4. Nxd4 e6 5. Nc3 Qc7 6. Be3 a6 7. Qf3 h5 8.
O-O-O Nf6 9. Nxc6 bxc6 10. Bf4 e5 11. Bg5 d6 12. Be2 Be7 13. Qg3 Rb8 14. f4 a5
15. Rhf1 Be6 16. f5 Bc8 17. Bc4 Rb4 18. b3 a4 19. a3 Rxc4 20. bxc4 Ba6 21. Rfe1
Bxc4 22. Nxa4 O-O 23. Nb2 Ba6 24. Re3 Rb8 25. Qh4 Qa7 26. Rg3 Kf8 27. Bxf6 Bxf6
28. Qxh5 d5 29. exd5 e4 30. Rb3 Rxb3 31. cxb3 Qe3+ 32. Kb1 Qxb3 33. Rd2 Bd3+
34. Kc1 Bxb2+ 35. Rxb2 Qc3+ 36. Kd1 Qxb2 37. d6 Qc2+ 38. Ke1 Qc3+ 39. Kd1 Bc2+
0-1

[Event "HZ Chess Tournament 2023"]
[Site "Vlissingen, Netherlands"]
[Date "2023.08.06"]
[Round "3.3"]
[White "Dardha, Daniel"]
[Black "Bezemer, Arno"]
[Result "1/2-1/2"]
[WhiteElo "2598"]
[BlackElo "2231"]
[PlyCount "59"]

1. c4 e6 2. Nf3 d5 3. e3 Nf6 4. b3 Nbd7 5. Bb2 Bd6 6. Nc3 a6 7. Be2 O-O 8. O-O
Re8 9. Qc2 b6 10. cxd5 exd5 11. Rfe1 Bb7 12. Rad1 c5 13. d4 Qe7 14. Bf1 Rac8
15. dxc5 bxc5 16. Qb1 Ne5 17. Nxe5 Qxe5 18. g3 Qh5 19. Bg2 Rcd8 20. h3 Be5 21.
Na4 Bxb2 22. Qxb2 Ne4 23. b4 cxb4 24. Qxb4 Bc8 25. h4 Bg4 26. Rb1 g5 27. Nc3
gxh4 28. Bxe4 dxe4 29. Nxe4 Re6 30. Qc4 1/2-1/2

[Event "HZ Chess Tournament 2023"]
[Site "Vlissingen, Netherlands"]
[Date "2023.08.06"]
[Round "3.4"]
[White "Elgersma, Onno"]
[Black "Vrolijk, Liam"]
[Result "0-1"]
[WhiteElo "2265"]
[BlackElo "2517"]
[PlyCount "78"]

1. e4 e5 2. Nf3 Nc6 3. Bb5 a6 4. Ba4 Nf6 5. O-O Be7 6. d3 b5 7. Bb3 d6 8. a3
Na5 9. Ba2 c5 10. Nc3 Be6 11. Bg5 O-O 12. b4 Nc6 13. Bxf6 Bxf6 14. Nd5 Rc8 15.
c3 g6 16. Qd2 a5 17. bxc5 dxc5 18. Rab1 b4 19. Bc4 Bg4 20. Qe3 bxc3 21. Nxc3
Nd4 22. Nxd4 cxd4 23. Qg3 dxc3 24. Qxg4 Bg5 25. Qe2 Bd2 26. Rb5 Qe7 27. Rxa5
Ra8 28. Rb5 Rxa3 29. g3 Raa8 30. h4 Rab8 31. Ra5 Rb2 32. Raa1 Kg7 33. h5 Qg5
34. Rad1 Bf4 35. Qe1 c2 36. Ra1 Bd2 37. f4 Qxh5 38. Qxd2 c1=Q 39. Qxc1 Qh2# 0-1

[Event "HZ Chess Tournament 2023"]
[Site "Vlissingen, Netherlands"]
[Date "2023.08.06"]
[Round "3.5"]
[White "Krasenkow, Michal"]
[Black "Provoost, Simon"]
[Result "1-0"]
[WhiteElo "2524"]
[BlackElo "2198"]
[PlyCount "61"]

1. d4 d5 2. c4 e6 3. Nc3 Nf6 4. cxd5 exd5 5. Bg5 c6 6. e3 h6 7. Bh4 Be7 8. Qc2
O-O 9. Bd3 Re8 10. Nge2 Nbd7 11. O-O a5 12. f3 b5 13. Rae1 Qb6 14. Kh1 Ba6 15.
Bf5 Rad8 16. e4 dxe4 17. fxe4 b4 18. Na4 Qb5 19. e5 Nd5 20. Bxe7 Rxe7 21. Rf3
N5b6 22. Nxb6 Qxb6 23. Bd3 Nf8 24. Bxa6 Qxa6 25. Ng3 Red7 26. Nf5 Ne6 27. Rg3
Nxd4 28. Nxh6+ Kh8 29. Qf2 f5 30. exf6 gxh6 31. f7 1-0

[Event "HZ Chess Tournament 2023"]
[Site "Vlissingen, Netherlands"]
[Date "2023.08.06"]
[Round "3.6"]
[White "Labruyere, Roger"]
[Black "Schoppen, Casper"]
[Result "0-1"]
[WhiteElo "2191"]
[BlackElo "2498"]
[PlyCount "88"]

1. e4 c6 2. d4 d5 3. exd5 cxd5 4. Bd3 Nc6 5. c3 Nf6 6. Nf3 Bg4 7. h3 Bh5 8. O-O
e6 9. Bf4 Bd6 10. Bxd6 Qxd6 11. Nbd2 O-O 12. Re1 Nd7 13. Nf1 Rfe8 14. Ng3 Bxf3
15. Qxf3 g6 16. Rad1 a6 17. Bc2 b5 18. h4 Qe7 19. h5 Qh4 20. Ne2 Rac8 21. Nf4
Qg5 22. Nh3 Qxh5 23. Qxh5 gxh5 24. Re3 Nf8 25. Nf4 h4 26. Nh5 Re7 27. Rde1 Rec7
28. Rh3 Nxd4 29. Bd3 Nc6 30. Rxh4 Ng6 31. Rh3 d4 32. f4 dxc3 33. bxc3 Nce7 34.
g4 Nd5 35. Rf3 Rxc3 36. f5 Rc1 37. fxg6 Rxe1+ 38. Kf2 hxg6 39. Kxe1 gxh5 40.
gxh5 Rc1+ 41. Kd2 Rh1 42. Rg3+ Kf8 43. Be2 Rh2 44. Ke1 Nf4 0-1

[Event "HZ Chess Tournament 2023"]
[Site "Vlissingen, Netherlands"]
[Date "2023.08.06"]
[Round "3.7"]
[White "Ghazarian, Kirk"]
[Black "Honkoop, Gilian"]
[Result "1-0"]
[WhiteElo "2469"]
[BlackElo "2193"]
[PlyCount "81"]

1. d4 Nf6 2. c4 e6 3. g3 d5 4. Bg2 dxc4 5. Nf3 Nc6 6. Qa4 Bb4+ 7. Bd2 Nd5 8.
Bxb4 Ndxb4 9. O-O Rb8 10. Nc3 a6 11. Ne5 O-O 12. Bxc6 Nxc6 13. Nxc6 bxc6 14.
Qxc4 Rxb2 15. Rab1 Rb6 16. a4 Qd6 17. Qc5 Qxc5 18. dxc5 Rxb1 19. Rxb1 a5 20. f4
f6 21. Kf2 Kf7 22. Rb8 Ba6 23. Rxf8+ Kxf8 24. Ne4 Bc4 25. Nd2 Ba2 26. Ke3 Ke7
27. Kd4 Kf7 28. e3 Ke7 29. e4 Kf7 30. Kc3 e5 31. Kb2 Be6 32. f5 Bc8 33. Nb3 Ba6
34. Kc3 Be2 35. Nxa5 Bf3 36. Nc4 Bxe4 37. g4 Ke7 38. a5 Kd7 39. a6 Kc8 40. a7
Kb7 41. Nd6+ 1-0

[Event "HZ Chess Tournament 2023"]
[Site "Vlissingen, Netherlands"]
[Date "2023.08.06"]
[Round "3.8"]
[White "Duijker, Rick"]
[Black "Ikonnikov, Vyacheslav"]
[Result "0-1"]
[WhiteElo "2198"]
[BlackElo "2467"]
[PlyCount "120"]

1. c4 e5 2. Nc3 d6 3. g3 Nc6 4. Bg2 g6 5. e3 Bg7 6. Nge2 h5 7. h3 Bd7 8. d4 Qc8
9. Nd5 Nf6 10. Nxf6+ Bxf6 11. d5 Ne7 12. Nc3 Bg7 13. e4 O-O 14. Be3 f5 15. Qd2
Rf7 16. c5 Qf8 17. cxd6 cxd6 18. h4 b5 19. Bh3 b4 20. Ne2 a5 21. Rc1 Bb5 22.
Bg5 Kh7 23. Rc7 fxe4 24. O-O Nf5 25. Rfc1 Bd3 26. g4 hxg4 27. Bxg4 Rxc7 28.
Rxc7 Rc8 29. Rc6 Rxc6 30. dxc6 Qc8 31. Ng3 Qxc6 32. Nxf5 gxf5 33. Bxf5+ Kg8 34.
h5 Qe8 35. h6 Qf7 36. Bg4 Bf8 37. Qe3 Qg6 38. Kh2 Bxh6 39. Bxh6 Qxg4 40. Qg5+
Qxg5 41. Bxg5 Kf7 42. Bd2 Ke6 43. a3 bxa3 44. bxa3 a4 45. Kg3 Be2 46. Kh4 Kf5
47. Kg3 d5 48. Ba5 d4 49. Bb4 Bf3 50. Kh4 d3 51. Ba5 Bh1 52. Bd2 Ke6 53. Kg5
Kd5 54. Kf6 Kc4 55. Kxe5 Kb3 56. Kd4 Kxa3 57. Kc3 Ka2 58. Bc1 a3 59. Kb4 Kb1
60. Bxa3 d2 0-1

[Event "HZ Chess Tournament 2023"]
[Site "Vlissingen, Netherlands"]
[Date "2023.08.06"]
[Round "3.9"]
[White "Leenhouts, Koen"]
[Black "Boelhouwer, Collin"]
[Result "1-0"]
[WhiteElo "2446"]
[BlackElo "2134"]
[PlyCount "81"]

1. d4 Nf6 2. c4 e6 3. Nc3 Bb4 4. e3 O-O 5. Bd3 d5 6. a3 Bxc3+ 7. bxc3 dxc4 8.
Bxc4 c5 9. Bd3 Nc6 10. Nf3 cxd4 11. cxd4 b6 12. Bb2 Bb7 13. e4 Na5 14. Qe2 h6
15. O-O Rc8 16. Rad1 Qe7 17. Rfe1 Rfd8 18. d5 exd5 19. Bxf6 Qxf6 20. e5 Qe7 21.
Nd4 Kh8 22. Nf5 Qf8 23. Qg4 Rc6 24. Nd6 Bc8 25. Bf5 Bxf5 26. Qxf5 Rc7 27. Rxd5
Nc6 28. Rc1 Rdd7 29. Rdd1 Nd8 30. Rxc7 Rxc7 31. Nb5 Re7 32. Qc8 Ne6 33. Qxf8+
Nxf8 34. f4 g5 35. Rd8 Kg8 36. g3 gxf4 37. gxf4 a6 38. Nd6 Rd7 39. Rc8 Kg7 40.
f5 h5 41. f6+ 1-0

[Event "HZ Chess Tournament 2023"]
[Site "Vlissingen, Netherlands"]
[Date "2023.08.06"]
[Round "3.10"]
[White "Lommers, Frank"]
[Black "Zwirs, Nico"]
[Result "0-1"]
[WhiteElo "2190"]
[BlackElo "2443"]
[PlyCount "114"]

1. e4 c5 2. Nf3 d6 3. Bb5+ Bd7 4. c4 e5 5. Bxd7+ Qxd7 6. d3 Nc6 7. Nc3 g6 8.
Nd5 Bg7 9. h4 h6 10. Bd2 Nge7 11. h5 g5 12. g4 Nxd5 13. cxd5 Nd4 14. Nh2 Qb5
15. Bc3 c4 16. Nf1 cxd3 17. Bxd4 exd4 18. Ng3 d2+ 19. Qxd2 O-O 20. Nf5 Rfe8 21.
f3 Qxd5 22. O-O Qe5 23. Rac1 d5 24. Rfe1 dxe4 25. Rxe4 Qf6 26. Qd3 Rxe4 27.
Qxe4 Rd8 28. Rd1 Qe6 29. Qxb7 Qe2 30. Rf1 d3 31. Qe4 Bd4+ 32. Nxd4 Qxe4 33.
fxe4 Rxd4 34. Rd1 Rxe4 35. Rxd3 Rxg4+ 36. Kf1 Rc4 37. Rb3 Kg7 38. Rb7 Ra4 39.
a3 Kf6 40. Kf2 Ra6 41. Kf3 Ke6 42. Ke3 f5 43. Rc7 Kd5 44. Rd7+ Kc4 45. Rc7+ Kb3
46. Rb7+ Kc2 47. Kf3 f4 48. Kg4 Kd3 49. Kf3 Kd4 50. Rd7+ Ke5 51. Re7+ Kf5 52.
Rf7+ Rf6 53. Rxa7 g4+ 54. Kf2 Kg5 55. Ra5+ Kh4 56. Rc5 f3 57. Rc4 Kh3 0-1

[Event "HZ Chess Tournament 2023"]
[Site "Vlissingen, Netherlands"]
[Date "2023.08.06"]
[Round "3.11"]
[White "Van Baar, Esper"]
[Black "Pfreundt, Jakob"]
[Result "0-1"]
[WhiteElo "2180"]
[BlackElo "2427"]
[PlyCount "88"]

1. e4 c6 2. Nc3 d5 3. Nf3 dxe4 4. Nxe4 Nf6 5. Qe2 Nxe4 6. Qxe4 Qd5 7. Qf4 Qf5
8. d3 Qxf4 9. Bxf4 f6 10. d4 g5 11. Be3 Bf5 12. O-O-O e6 13. h4 g4 14. Ng1 h5
15. Ne2 Nd7 16. Ng3 Bg6 17. Bc4 Kf7 18. Bb3 a5 19. a4 Bd6 20. Ne2 Rhe8 21. Bf4
Bf8 22. f3 gxf3 23. gxf3 Nb6 24. c4 e5 25. dxe5 Bc5 26. Ng3 Rxe5 27. Rhe1 Rxe1
28. Rxe1 Rd8 29. Rd1 Rxd1+ 30. Kxd1 Nd7 31. Bc2 Ne5 32. Bxe5 fxe5 33. Be4 Bd4
34. b3 Bf2 35. Nf5 Ke6 36. Ke2 Bxf5 37. Kxf2 Bxe4 38. fxe4 Kd6 39. Ke3 Kc5 40.
Kd3 Kb4 41. Kc2 Ka3 42. Kc3 c5 43. Kc2 Ka2 44. Kc3 Kb1 0-1

[Event "HZ Chess Tournament 2023"]
[Site "Vlissingen, Netherlands"]
[Date "2023.08.06"]
[Round "3.12"]
[White "Maatman, Nick"]
[Black "Sparenberg, Erik"]
[Result "1-0"]
[WhiteElo "2362"]
[BlackElo "2128"]
[PlyCount "95"]

1. Nf3 Nf6 2. c4 c6 3. e3 d5 4. b3 e6 5. Bb2 Be7 6. Nc3 O-O 7. d4 a6 8. Bd3 b5
9. c5 a5 10. a3 Nbd7 11. h3 Re8 12. b4 Qc7 13. Ne2 Ne4 14. Qc2 axb4 15. axb4
Rxa1+ 16. Bxa1 f5 17. Ne5 Bf6 18. f4 Bh4+ 19. Kf1 Ndf6 20. Bc3 Bd7 21. g4 Ra8
22. Kg2 Nf2 23. Ra1 Rxa1 24. Bxa1 Nxd3 25. Qxd3 Ne4 26. Qa3 Be8 27. Qa8 Bd8 28.
Bc3 Kf8 29. Be1 Bf6 30. Nf3 Qd8 31. Qb7 Qd7 32. Qa6 Qd8 33. Nc1 g6 34. Nd3 Qc7
35. Bh4 Bxh4 36. Nxh4 Nf6 37. Ne5 Ng8 38. Nhf3 Ke7 39. Qa8 Nf6 40. Ng5 h6 41.
Ngf3 Nh7 42. g5 hxg5 43. fxg5 Nf8 44. Nh4 Nh7 45. Nhxg6+ Bxg6 46. Nxg6+ Kf7 47.
Ne5+ Kg7 48. h4 1-0

[Event "HZ Chess Tournament 2023"]
[Site "Vlissingen, Netherlands"]
[Date "2023.08.06"]
[Round "3.13"]
[White "Gijsen, William"]
[Black "Pham, Khoi"]
[Result "1-0"]
[WhiteElo "2144"]
[BlackElo "2361"]
[PlyCount "75"]

1. e4 c5 2. Nc3 Nc6 3. Bb5 Nd4 4. Nf3 e6 5. O-O a6 6. Bd3 Nc6 7. Re1 g5 8. h3
h5 9. Nh2 Bd6 10. b3 g4 11. Bb2 Be5 12. Na4 b5 13. Bxe5 Nxe5 14. Nb2 Bb7 15.
Bf1 gxh3 16. d4 hxg2 17. Bxg2 cxd4 18. Qxd4 Qf6 19. Rad1 Rd8 20. c4 h4 21. f4
Nc6 22. Qd2 Qg7 23. Kh1 Nf6 24. Bf3 Nh5 25. Bxh5 Rxh5 26. Rg1 Qh7 27. Ng4 Qxe4+
28. Kh2 Qf5 29. Nf6+ Ke7 30. Nxh5 Qxh5 31. Qd6+ Kf6 32. Rd5 Qe2+ 33. Rg2 Qe4
34. Nd3 h3 35. Rf2 Ne7 36. Nc5 Qe3 37. Qe5+ Qxe5 38. fxe5+ 1-0

[Event "HZ Chess Tournament 2023"]
[Site "Vlissingen, Netherlands"]
[Date "2023.08.06"]
[Round "3.14"]
[White "Van Delft, Merijn"]
[Black "Hekhuis, Jeroen"]
[Result "1-0"]
[WhiteElo "2369"]
[BlackElo "2123"]
[PlyCount "71"]

1. e4 c5 2. Nf3 d6 3. d4 cxd4 4. Nxd4 Nf6 5. Nc3 g6 6. Be3 Bg7 7. f3 O-O 8. Qd2
Nc6 9. O-O-O d5 10. exd5 Nxd5 11. Nxc6 bxc6 12. Bd4 Nxc3 13. Qxc3 Bh6+ 14. Be3
Bxe3+ 15. Qxe3 Qb6 16. Re1 Be6 17. h4 Rab8 18. b3 Rfd8 19. h5 Qd4 20. Qxd4 Rxd4
21. h6 Kf8 22. Re5 Rbd8 23. Bd3 R8d5 24. Rxe6 fxe6 25. Bxg6 Kg8 26. Be4 Rg5 27.
Rh4 c5 28. c3 Rd6 29. g4 c4 30. b4 Kh8 31. a4 Rg8 32. Rh2 Rgd8 33. Kb2 a5 34.
bxa5 Rb8+ 35. Ka2 Rb3 36. Rb2 1-0

[Event "HZ Chess Tournament 2023"]
[Site "Vlissingen, Netherlands"]
[Date "2023.08.06"]
[Round "3.15"]
[White "Wagenvoorde, Guido"]
[Black "Grutter, Tim"]
[Result "1-0"]
[WhiteElo "2104"]
[BlackElo "2300"]
[PlyCount "107"]

1. d4 Nf6 2. c4 g6 3. Nc3 Bg7 4. e4 d6 5. Be2 O-O 6. Bg5 c5 7. d5 e6 8. Qc1 b5
9. cxb5 exd5 10. exd5 Qa5 11. Bd2 Bb7 12. Nh3 Qc7 13. Nf4 Nbd7 14. O-O Nb6 15.
Rd1 Rfe8 16. Be3 Re5 17. Nd3 Re7 18. Nf4 Rae8 19. Rb1 Qd7 20. h3 Re5 21. Bf1
Nfxd5 22. Ncxd5 Nxd5 23. Nxd5 Rxd5 24. b4 Bd4 25. Bxd4 cxd4 26. Qa3 Ba8 27.
Rbc1 Qb7 28. Rc6 Rg5 29. Rxd4 Re1 30. Qd3 Rxb5 31. Rdxd6 Qxc6 32. Rxc6 Bxc6 33.
Qd8+ Kg7 34. Qd4+ Kg8 35. Qc3 Rb1 36. Qxc6 R5xb4 37. Qa6 Rb7 38. Kh2 Rc7 39.
Bd3 Rbc1 40. Be4 R1c4 41. Bf3 Kg7 42. Kg3 h6 43. a4 Rd4 44. a5 Rdc4 45. Qd6
R4c5 46. a6 Rg5+ 47. Kh2 Rgc5 48. Bb7 g5 49. Qd8 f5 50. Qb8 h5 51. Qxa7 g4 52.
Qb6 f4 53. a7 h4 54. hxg4 1-0

[Event "HZ Chess Tournament 2023"]
[Site "Vlissingen, Netherlands"]
[Date "2023.08.06"]
[Round "3.16"]
[White "Goudriaan, Rafael"]
[Black "Rodriguez Fontecha, Marcos"]
[Result "1/2-1/2"]
[WhiteElo "1990"]
[BlackElo "2309"]
[PlyCount "140"]

1. e4 e6 2. d4 d5 3. Nd2 c5 4. Ngf3 cxd4 5. Nxd4 Nf6 6. exd5 Nxd5 7. N2f3 Be7
8. a3 Bf6 9. Bd3 Qa5+ 10. Qd2 Qb6 11. O-O Nc6 12. Nxc6 bxc6 13. c4 Ne7 14. Qc2
Rb8 15. Rb1 Ng6 16. Be3 Qc7 17. Bc5 Be7 18. Bxe7 Qxe7 19. Be4 Qc7 20. Rfd1 f5
21. Bd3 c5 22. Re1 O-O 23. Qc3 Rd8 24. Bf1 Rb6 25. Ne5 Rd4 26. Nf3 Rd8 27. b4
Bb7 28. Ne5 Be4 29. Nd3 Bxd3 30. Bxd3 Rbd6 31. Bc2 Rd2 32. g3 R2d4 33. Rxe6 Ne5
34. Re1 cxb4 35. Qxb4 Nf3+ 36. Kg2 Nxe1+ 37. Rxe1 Qc6+ 38. Kg1 Re8 39. Bxf5
Rxe1+ 40. Qxe1 g6 41. Be6+ Kf8 42. Bd5 Qe8 43. Qc3 Qe5 44. Qf3+ Qf5 45. Qe3 Qf6
46. Kg2 Kg7 47. h4 a6 48. a4 Rd1 49. Qa7+ Kh6 50. Qe3+ Kg7 51. Bf3 Ra1 52. Qa7+
Kh6 53. Qe3+ Kg7 54. c5 Rxa4 55. c6 Rc4 56. Qa7+ Kh6 57. Qxa6 Rc3 58. Qe2 Kg7
59. Qd1 Qe5 60. Qd7+ Kh6 61. g4 g5 62. hxg5+ Kg6 63. Qd8 Qe6 64. Qd4 Rc4 65.
Qd3+ Kxg5 66. Qd8+ Kg6 67. c7 h6 68. Qd3+ Kg7 69. Qd8 Kh7 70. Qd3+ Kg7 1/2-1/2

[Event "HZ Chess Tournament 2023"]
[Site "Vlissingen, Netherlands"]
[Date "2023.08.06"]
[Round "3.17"]
[White "Rijnaarts, Sjef"]
[Black "Finkenflugel, Renzo"]
[Result "1-0"]
[WhiteElo "2299"]
[BlackElo "2113"]
[PlyCount "65"]

1. e4 e5 2. Nf3 Nc6 3. Bb5 a6 4. Ba4 d6 5. c3 f5 6. d3 Nf6 7. Nbd2 Be7 8. Bb3
Na5 9. Bc2 O-O 10. b4 fxe4 11. dxe4 Nc6 12. Nf1 Bg4 13. Ne3 Bh5 14. h3 Kh8 15.
g4 Bg6 16. Ng5 Nxg4 17. hxg4 Bxg5 18. Qd3 Qf6 19. Qf1 Bxe3 20. Bxe3 d5 21. g5
Qf7 22. exd5 Bxc2 23. dxc6 bxc6 24. Rh4 Rfd8 25. Qc4 Qf3 26. Qe2 Qf5 27. Rc1
Bd3 28. Qg4 Qxg4 29. Rxg4 a5 30. a4 axb4 31. Rxb4 Ra5 32. Rd1 c5 33. Rxd3 1-0